Electrotecnia (Registro nro. 2639)
[ vista simple ]
| 000 -CABECERA | |
|---|---|
| campo de control de longitud fija | 01071aam a2200361 4500 |
| 005 - FECHA Y HORA DE ACTUALIZACIÓN | |
| campo de control | 20220211104520.0 |
| 008 - LONGITUD FIJA | |
| campo de control de longitud fija | 150605b xxu||||| |||| 00| 0 spa d |
| 020 ## - INTERNATIONAL STANDARD BOOK NUMBER | |
| Número Internacional Estándar del Libro | 9788426715678 |
| 041 ## - IDIOMA | |
| Código de idioma del texto/pista de sonido o título separado | |
| 082 ## - CLASIFICACIÓN DECIMAL DEWEY | |
| Número de clasificación | 621.381.5 D948e |
| 100 ## - AUTOR PERSONAL | |
| Nombre de persona | Durán Moyano, Jose Luis |
| 100 ## - AUTOR PERSONAL | |
| Nombre de persona | Gámiz Caro, Juan |
| 100 ## - AUTOR PERSONAL | |
| Nombre de persona | Bargallo Perpina, Ramón |
| 245 ## - TÍTULO PROPIAMENTE DICHO | |
| Título | Electrotecnia |
| 260 ## - PIE DE IMPRENTA | |
| Lugar de publicación, distribución, etc. | España |
| 260 ## - PIE DE IMPRENTA | |
| Nombre del editor, distribuidor, etc. | Marcombo |
| 260 ## - PIE DE IMPRENTA | |
| Fecha de publicación, distribución, etc. | 2012 |
| 300 ## - DESCRIPCIÓN FÍSICA | |
| Extensión | 223 páginas |
| 650 ## - Materia General | |
| Materia general | ELECTRÓNICA |
| 650 ## - Materia General | |
| Materia general | MAGNITUDES ELÉCTRICAS |
| 650 ## - Materia General | |
| Materia general | CIRCUITOS ELÉCTRICOS |
| 650 ## - Materia General | |
| Materia general | MEDIDAS ELÉCTRICAS |
| 650 ## - Materia General | |
| Materia general | COMPONENTES ELÉCTRICOS |
| 650 ## - Materia General | |
| Materia general | RESISTENCIAS |
| 650 ## - Materia General | |
| Materia general | BOBINAS E INDUCTANCIAS |
| 650 ## - Materia General | |
| Materia general | PILAS Y ACUMULADORES |
| 650 ## - Materia General | |
| Materia general | CIRCUITOS DE CORRIENTE CONTÍNUA |
| 650 ## - Materia General | |
| Materia general | CORRIENTE ALTERNA MONOFÁSICA |
| 650 ## - Materia General | |
| Materia general | FUNCIÓN SENOIDAL |
| 650 ## - Materia General | |
| Materia general | ANÁLISIS DE CIRCUITOS |
| 650 ## - Materia General | |
| Materia general | RESONANCIA |
| 942 ## - Punto de Acceso Adicional Koha | |
| Tipo de ítem Koha | Libro |
| Estado perdido | Estado dañado | No para préstamo | Biblioteca permanente | Biblioteca actual | Signatura completa | Código de barras | Precio efectivo a partir del | Tipo de ítem |
|---|---|---|---|---|---|---|---|---|
| Departamento de Biblioteca y Documentación Alfonso Chase Brenes | Departamento de Biblioteca y Documentación Alfonso Chase Brenes | 621.381.5 D948e | 15725 | 28/09/2016 | Libro | |||
| Departamento de Biblioteca y Documentación Alfonso Chase Brenes | Departamento de Biblioteca y Documentación Alfonso Chase Brenes | 621.381.5 D948e | 22163 | 09/05/2017 | Libro |